Statistics for Christopher Lloyd Filmography

Click here to take the quiz!

General Stats

  • This quiz has been taken 41 times
    (3 since last reset)
  • The average score is 37 of 276

Answer Stats

TypeYearName% Correct
TV Show1991-1992Back to the Future
100%
Film1985Back to the Future
100%
Film1989Back to the Future Part II
100%
Film1990Back to the Future Part III
100%
TV Show2015The Simpsons
100%
Film1993Addams Family Values
67%
Film1997Anastasia
67%
Film2011Foodfight!
67%
Web Mini-Series2024Knuckles
67%
TV Show2002Malcolm in the Middle
67%
Film1999My Favorite Martian
67%
Film2021Nobody
67%
Film2010Piranha 3D
67%
TV Show1982Saturday Night Live
67%
Film2023Self Reliance
67%
Film2014Sin City: A Dame to Kill For
67%
Film1991The Addams Family
67%
Web Series2023The Mandalorian
67%
Film1988Who Framed Roger Rabbit
67%
Film201588
33%
TV Film1999Alice in Wonderland
33%
TV Show1980American Playhouse
33%
Film2014A Million Ways to Die in the West
33%
Film1994Angels in the Outfield
33%
Film1977Another Man, Another Chance
33%
Video Game2010-2011Back to the Future: The Game
33%
Theme Park Attraction1991Back to the Future: The Ride
33%
Video Game2004Back to the Future Video Slots
33%
TV Film2014Blood Lake: Attack of the Killer Lampreys
33%
Film2009Call of the Wild
33%
Film2023Camp Hideout
33%
TV Show2010Chuck
33%
Film1985Clue
33%
TV Show2002-PresentCyberchase
33%
Film2012Dead Before Dawn 3D
33%
Film1993Dennis the Menace
33%
Film1990DuckTales the Movie: Treasure of the Lost Lamp
33%
Film2017Going in Style
33%
Film1978Goin' South
33%
Short Film2003Haunted Lighthouse
33%
Film2016I Am Not a Serial Killer
33%
Film2002Interstate 60: Episodes of the Road
33%
Theater1991King Lear
33%
TV Show2005King of the Hill
33%
Video Game2015King's Quest
33%
Video Game2016King's Quest - Chapter III: Once Upon A Climb
33%
Film2012Last Call
33%
Video Game2015Lego Dimensions
33%
Theater1974Macbeth
33%
Film1999Man on the Moon
33%
TV Show2006Masters of Horror
33%
Film1983Mr. Mom
33%
Film2023Nandor Fodor and the Talking Mongoose
33%
TV Show2020NCIS
33%
Film1975One Flew Over the Cuckoo's Nest
33%
Film2012Piranha 3DD
33%
Film2021Queen Bees
33%
TV Show2011, 2013Robot Chicken
33%
TV Show2018Roseanne
33%
Film2009Santa Buddies
33%
Film2021Senior Moment
33%
Film2011Snowflake, the White Gorilla
33%
Film2010Snowmen
33%
TV Show1978-1983Taxi
33%
TV Mini-Series1976The Adams Chronicles
33%
Film1980The Black Marble
33%
TV Show2022The Conners
33%
Film1989The Dream Team
33%
TV Special1990The Earth Day Special
33%
Film2012The Illusionauts
33%
Film1979The Lady in Red
33%
TV Show2014The Michael J. Fox Show
33%
Film1979The Onion Field
33%
Film1994The Pagemaster
33%
Music Video1985The Power of Love
33%
Film1998The Real Blonde
33%
Theater1973-1974The Seagull
33%
Theme Park Attraction2008The Simpsons Ride
33%
Film2008The Tale of Despereaux
33%
Film2021The Tender Bar
33%
Film1995Things to Do in Denver When You're Dead
33%
Film1977Three Warriors
33%
Film1983To Be or Not to Be
33%
Video Game1996Toonstruck
33%
TV Show2003Tremors: The Series
33%
Film1993Twenty Bucks
33%
Film1990Why Me?
33%
TV Film2014Zodiac: Signs of the Apocalypse
33%
Commercial199910-10-220 Phone Service
0%
TV Show2017, 201812 Monkeys
0%
Music Video1991Addams Groove
0%
Film2004Admissions
0%
Film2011Adventures of Serial Buddies
0%
TV Show1986Amazing Stories
0%
Theater1960, 1973, 1975A Midsummer Night's Dream
0%
TV Show2023A Million Little Things
0%
Theater1961And They Put Handcuffs on the Flowers
0%
TV Film1997Angels in the Endzone
0%
TV Film2012Anything But Christmas
0%
TV Show2019A.P. Bio
0%
TV Film2006A Perfect Day
0%
Film1999Baby Geniuses
0%
Short Film2011Back for the Future
0%
Video Game2013Back to the Future: Back in Time Video Slots
0%
Short Film2022Back to the Future: Outatime
0%
Video Game2015Back to the Future: The Game - 30th Anniversary Edition
0%
Film2005Bad Girls from Valley High
0%
TV Show1978, 1979Barney Miller
0%
TV Show1981, 1982Best of the West
0%
TV Show2019Big City Greens
0%
Film2018Boundaries
0%
Short Film2023Busted x Christopher Lloyd
0%
Film1979Butch and Sundance: The Early Days
0%
Short Film2012Cadaver
0%
Film1996Cadillac Ranch
0%
TV Show2011Caiga Quien Caiga - CQC
0%
Film1994Camp Nowhere
0%
Film1997Changing Habits
0%
TV Film2001Chasing Destiny
0%
Music Video2008Check Your Coat
0%
TV Show1984Cheers
0%
TV Show2004-2005Clubhouse
0%
Film2016Cold Moon
0%
Film1999Convergence
0%
Theater1976Cracks
0%
TV Film1992Dead Ahead: The Exxon Valdez Disaster
0%
TV Show1995-1997Deadly Games
0%
Theater2010Death of a Salesman
0%
Film2012Dehli Safari
0%
TV Film2005Detective
0%
Film1997Dinner at Fred's
0%
Commercial2007DirecTV
0%
Short Film2015Doc Brown Saves the World
0%
TV Film2016Donald Trump's The Art of the Deal: The Movie
0%
Film2012Dorothy and the Witches of Oz
0%
TV Show2003Ed
0%
Film1988Eight Men Out
0%
Film2005Enfants teribles
0%
Film2012Excuse Me for Living
0%
TV Mini-Series2021Expedition: Back to the Future
0%
TV Show1995Fallen Angels
0%
TV Film2011Family Practice
0%
Commercial2018FIAT
0%
Film2007Flakes
0%
Film2007Fly Me to the Moon
0%
TV Show2011Fringe
0%
Short Film2014Funny or Die Is Sorry for Lying About Hoverboards
0%
TV Show2014-2015Granite Flats
0%
TV Film2018Guess Who Died
0%
Film2001Happy Birthday
0%
Theater1977Happy End
0%
Film2005Here Comes Peter Cottontail: The Movie
0%
Film2002Hey Arnold!: The Movie
0%
Music Video1989Hit the Road, Jack
0%
TV Show2018Hollywood Mom
0%
TV Show2015House of Monsters
0%
Short Film2014HUVr - BELIEF
0%
Short Film2014HUVr - HOW
0%
TV Show2004I Dream
0%
TV Film1994In Search of Dr. Seuss
0%
Film2011InSight
0%
Theater1974In the Boom Boom Room
0%
TV Film1999It Came from the Sky
0%
TV Show2009It's Always Sunny in Philadelphia
0%
Film2009Jack and the Beanstalk
0%
TV Show2015Jimmy Kimmel Live!
0%
Film1984Joy of Sex
0%
Film2013Jungle Master
0%
TV Film2015Just in Time for Christmas
0%
Theater1973Kaspar
0%
Film2001Kids World
0%
Video Game2020Kingdom Hearts III Re:Mind
0%
Video Game2020Kingdom Hearts: Melody of Memory
0%
TV Mini-Series2009Knights of Bloodsteel
0%
TV Film1978Lacy and the Mississippi Queen
0%
TV Show2008Law & Order: Criminal Intent
0%
Film1987Legend of the White Horse
0%
TV Show2008Live from Lincoln Center
0%
Film2011Love, Wedding, Marriage
0%
Film2010Magic
0%
Film2018Making a Killing
0%
FilmTBAMan & Witch
0%
FilmTBAMan in the Long Black Coat
0%
Short Film2003Merry Christmas Space Case
0%
TV Mini-Series2009Meteor
0%
Film2012Mickey Matson and the Copperhead Conspiracy
0%
Film1986Miracles
0%
TV Film1982Money on the Side
0%
Theater2002Morning's at Seven
0%
Short Film1995Mr. Payback: An Interactive Movie
0%
TV Show1994Mrs. Piggle-Wiggle
0%
Film2017Muse
0%
Documentary Mini-SeriesTBAMyth of Tesla
0%
Film1981National Lampoon's Movie Madness
0%
Film2021Next Stop, Christmas
0%
Web Series2010Nostalgia Critic
0%
TV Show2007NUMB3RS
0%
TV Film1984Old Friends
0%
Film2018One by One
0%
Theater1972Orphee
0%
Theater2018Our Town
0%
Short Film2002Outtakes
0%
TV Mini-Series2014Over the Garden Wall
0%
Film2014Pirate's Code: The Adventures of Mickey Matson
0%
TV Show2013Psych
0%
TV Film1997Quicksilver Highway
0%
Film1994Radioland Murders
0%
TV Show2013Raising Hope
0%
Theater1969Red, White and Maddox
0%
TV Film1995Rent-a-Kid
0%
Film2018ReRUN
0%
Video Game1994Rescue the Scientists
0%
TV Show2012R.L. Stine's The Haunting Hour: The Series
0%
TV Show1992Road to Avonlea
0%
Film1980Schizoid
0%
TV Show1980Semi-Tough
0%
TV Film1983September Gun
0%
Film2013Sid the Science Kid: The Movie
0%
Short Film2001Space Case
0%
TV Show1999Spin City
0%
Film2022Spirit Halloween
0%
TV Show2005-2006Stacked
0%
Film1984Star Trek III: The Search for Spock
0%
TV Show1985Street Hawk
0%
TV Film1979Stunt 7
0%
Film1991Suburban Commando
0%
FilmTBASuper Athlete
0%
TV Film1987Tales from Hollywood Hills: Pat Hobby Teamed with Genius
0%
Film2022Tankhouse
0%
TV Film1992T Bone 'N' Weasel
0%
Film1984The Adventures of Buckaroo Banzai Across the 8th Dimension
0%
Film1998The Animated Adventures of Tom Sawyer
0%
Short Film2012The Axe Boat
0%
TV Show2016The Big Bang Theory
0%
TV Film2002The Big Time
0%
Film2015The Boat Builder
0%
Theater2013The Caucasian Chalk Circle
0%
Film2011The Chateau Meroux
0%
Short Film2013The Coin
0%
TV Film1984The Cowboy and the Ballerina
0%
TV Show1988The Dictator
0%
TV Film1979The Fantastic Seven
0%
Theater1990The Father
0%
TV Show2004The Grim Adventures of Billy & Mandy
0%
Theater1974The Harlot and the Hunted
0%
Short Film2019The Haunted Swordsman
0%
Theater1972The Human Voice
0%
Film1981The Legend of the Lone Ranger
0%
Short Film2009The Macabre World of Lavender Williams
0%
FilmTBAThe Movers
0%
Short Film2012The Narrative of Victor Karloch
0%
Film2014The One I Wrote for You
0%
Film2012The Oogieloves in the Big Balloon Adventure
0%
Film1981The Postman Always Rings Twice
0%
TV Film1998The Ransom of Red Chief
0%
TV Film1996The Right to Remain Silent
0%
Film2017The Sound
0%
TV Show2001The Tick
0%
Theater2001The Unexpected Man
0%
TV Show2005The West Wing
0%
TV Mini-Series2011The Witches of Oz
0%
TV Mini-Series1978The Word
0%
FilmTBATime, the Fourth Dimension
0%
Web Series2023Tooned Out
0%
Theater1974Total Eclipse
0%
Film1988Track 29
0%
Theater2003-2004Trumbo: Red White and Blacklisted
0%
Theater2002Twelfth Night
0%
TV Show1980Visions
0%
Theater1998Waiting for Godot
0%
Film1987Walk Like a Man
0%
TV Show2017Web of Spies
0%
TV Film2001When Good Ghouls Go Bad
0%
Film2002Wish You Were Dead
0%
TV Film2001Wit
0%
Film2010Wolf Sheep
0%

Score Distribution

Percentile by Number Answered

Percent of People with Each Score

Your Score History

You have not taken this quiz since the last reset